000 00507nam a2200145Ia 4500
008 100204s9999 xx 000 0 und d
082 _b15648
100 _aसोनवणी संजय
245 _aआभाळात गेलेली माणसं
260 _b"उमा प्रकाशन , पुणे"
_c1992
300 _a124
630 _aआभाळात गेलेली माणसं
730 _aआभाळात गेलेली माणसं
942 _cBOOK
999 _c460071
_d460068